[Event "20th European Teams"]
[Site "Reykjavik ISL"]
[Date "2015.11.13"]
[Round "1.10"]
[Board "1"]
[White "Meier, Georg"]
[Black "Pelletier, Yannick"]
[Result "1/2-1/2"]
[WhiteTitle "GM"]
[BlackTitle "GM"]
[WhiteElo "2654"]
[BlackElo "2566"]
[WhiteTeam "Germany"]
[BlackTeam "Switzerland"]
[WhiteFideId "4675789"]
[BlackFideId "1301837"]
[EventDate "2015.11.13"]

1. d4 Nf6 2. c4 e6 3. g3 Bb4+ 4. Bd2 Qe7 5. Bg2 Nc6 6. e3 e5 7. d5 Bxd2+ 8. Qxd2
Nb8 9. Nc3 d6 10. Nge2 a5 11. h3 Na6 12. g4 Nd7 13. Ng3 g6 14. O-O-O Nb6 15. Qe2
Nc5 16. h4 Bd7 17. g5 O-O-O 18. Nce4 Nxe4 19. Nxe4 Kb8 20. b3 h6 21. Qd2 Bf5 22.
Nf6 a4 23. Kb2 Bc8 24. f4 Nd7 25. Ne4 hxg5 26. hxg5 Nc5 27. Nxc5 dxc5 28. bxa4
Rxh1 29. Rxh1 exf4 30. exf4 Re8 31. Rc1 Bf5 32. Bf1 Qd6 33. Bg2 Bg4 34. Bf1 Bf5
35. Bg2 Bg4 36. Bf1 Re4 37. Bd3 Rxf4 38. Re1 Bd7 39. a5 f6 40. gxf6 Qxf6+ 41.
Qc3 Rf2+ 42. Bc2 Qf4 43. Ka1 g5 44. Bb1 g4 45. Re7 Rf1 46. Rxd7 Rxb1+ 47. Kxb1
Qf5+ 48. Qc2 Qxd7 49. Qg6 Ka7 50. Kb2 Qa4 51. Qxg4 Qb4+ 52. Kc1 Qc3+ 53. Kb1
Qe1+ 54. Kb2 Qb4+ 55. Kc1 Qxa5 56. Qe2 Qc3+ 1/2-1/2

[Event "20th European Teams"]
[Site "Reykjavik ISL"]
[Date "2015.11.13"]
[Round "1.10"]
[Board "2"]
[White "Bogner, Sebastian"]
[Black "Fridman, Daniel"]
[Result "0-1"]
[WhiteTitle "GM"]
[BlackTitle "GM"]
[WhiteElo "2550"]
[BlackElo "2627"]
[WhiteTeam "Switzerland"]
[BlackTeam "Germany"]
[WhiteFideId "4692055"]
[BlackFideId "11600454"]
[EventDate "2015.11.13"]

1. d4 d5 2. c4 e6 3. Nc3 Be7 4. cxd5 exd5 5. Bf4 Nf6 6. e3 Bf5 7. Nge2 O-O 8.
Ng3 Be6 9. Bd3 c5 10. dxc5 Bxc5 11. O-O Nc6 12. Rc1 d4 13. Nce4 Be7 14. Nxf6+
Bxf6 15. Ne4 dxe3 16. Nxf6+ Qxf6 17. fxe3 Rfe8 18. b3 g6 19. Qe1 Qe7 20. Qg3 f6
21. Be4 Rac8 22. Bd6 Qg7 23. Qf4 f5 24. Bf3 g5 25. Qg3 h6 26. Rcd1 Nd8 27. Be5
Qg6 28. Rd2 Re7 29. Bb2 Nf7 30. h3 Kh7 31. Rc1 Rxc1+ 32. Bxc1 Bc8 33. Qb8 g4 34.
Bd5 Be6 35. Bxb7 gxh3 36. Bb2 Qg8 37. Qxg8+ Kxg8 38. Bf3 hxg2 39. Rxg2+ Ng5 40.
Bf6 Rc7 41. Bxg5 Rc1+ 42. Kh2 hxg5 43. Rxg5+ Kf7 44. Rg2 Rc3 45. Re2 f4 46. Be4
Rxe3 47. Rxe3 fxe3 48. Bf3 Kf6 49. Kg3 Ke5 50. Be2 Kd4 51. Kf3 Bd5+ 52. Kf4 Bf7
53. Bf1 Bh5 54. b4 e2 55. Bxe2 Bxe2 56. a4 Bd1 57. a5 a6 58. Kf5 Bc2+ 59. Ke6
Kc4 60. Ke5 Kxb4 61. Kd4 Bg6 62. Ke3 Kxa5 0-1

[Event "20th European Teams"]
[Site "Reykjavik ISL"]
[Date "2015.11.13"]
[Round "1.10"]
[Board "3"]
[White "Buhmann, Rainer"]
[Black "Georgiadis, Nico"]
[Result "1/2-1/2"]
[WhiteTitle "GM"]
[BlackTitle "IM"]
[WhiteElo "2615"]
[BlackElo "2473"]
[WhiteTeam "Germany"]
[BlackTeam "Switzerland"]
[WhiteFideId "4651340"]
[BlackFideId "1300113"]
[EventDate "2015.11.13"]

1. d4 Nf6 2. c4 e6 3. Nf3 d5 4. Nc3 Bb4 5. Bg5 h6 6. Bxf6 Qxf6 7. e3 O-O 8. Rc1
dxc4 9. Bxc4 c5 10. O-O cxd4 11. Ne4 Qe7 12. a3 Ba5 13. Qxd4 Bd7 14. b4 Nc6 15.
Qd6 Bb6 16. Be2 Rfe8 17. Rfd1 Rad8 18. Qxe7 Rxe7 19. b5 Na5 20. Ne5 Be8 21. Rxd8
Bxd8 22. Rc8 Bc7 23. f4 Kh7 24. Bd3 f5 25. Nc5 Bxe5 26. fxe5 Kg6 27. Be2 Kf7 28.
a4 g6 29. g4 b6 30. Nd3 Nb3 31. Kf2 Kg7 32. Ke1 g5 33. Bd1 Na5 34. Nb4 Bf7 35.
Nc6 Rd7 36. gxf5 exf5 37. Nd4 Bg6 38. Bc2 Re7 39. e6 Kf6 40. Bxf5 Bxf5 41. Rf8+
Kg6 42. Rxf5 Nb3 43. Rf8 Nc5 44. Rg8+ Kh7 45. Ra8 Kg6 46. Rg8+ Kh7 47. Rd8 Kg6
48. Rg8+ 1/2-1/2

[Event "20th European Teams"]
[Site "Reykjavik ISL"]
[Date "2015.11.13"]
[Round "1.10"]
[Board "4"]
[White "Forster, Richard"]
[Black "Wagner, Dennis"]
[Result "1/2-1/2"]
[WhiteTitle "IM"]
[BlackTitle "GM"]
[WhiteElo "2459"]
[BlackElo "2575"]
[WhiteTeam "Switzerland"]
[BlackTeam "Germany"]
[WhiteFideId "1301764"]
[BlackFideId "24650684"]
[EventDate "2015.11.13"]

1. b3 e5 2. Bb2 Nc6 3. e3 Nf6 4. Bb5 Bd6 5. Ne2 a6 6. Bxc6 dxc6 7. d3 Qe7 8. e4
Be6 9. O-O O-O-O 10. Nd2 h5 11. b4 h4 12. a4 Nh5 13. b5 cxb5 14. axb5 axb5 15.
Ra5 c6 16. Qa1 f6 17. d4 Bb4 18. Ba3 Kc7 19. d5 Bg4 20. Nc3 Bxa3 21. Rxa3 Bd7
22. Ra7 Rb8 23. Qa5+ Kc8 24. dxc6 Bxc6 25. Nxb5 Qd8 26. Qc3 Nf4 27. Re1 Kd7 28.
Qb3 Qb6 29. Qf7+ Kd8 30. Qxg7 Re8 31. Qxf6+ Kd7 32. Nc4 Qxb5 33. Rd1+ Kc7 34.
Qf7+ Bd7 35. Nd6 Nh3+ 36. Kh1 Qe2 37. Nxe8+ Kb6 38. Qb3+ Bb5 39. Raa1 Nxf2+ 40.
Kg1 Nxd1 41. Qe6+ Bc6 42. Rb1+ Ka7 43. Ra1+ Kb6 44. Rb1+ Ka7 45. Ra1+ Kb6 46.
Rb1+ 1/2-1/2

[Event "20th European Teams"]
[Site "Reykjavik ISL"]
[Date "2015.11.13"]
[Round "1.11"]
[Board "1"]
[White "Djukic, Nikola"]
[Black "Hammer, Jon Ludvig"]
[Result "1/2-1/2"]
[WhiteTitle "GM"]
[BlackTitle "GM"]
[WhiteElo "2553"]
[BlackElo "2682"]
[WhiteTeam "Montenegro"]
[BlackTeam "Norway"]
[WhiteFideId "922412"]
[BlackFideId "1503707"]
[EventDate "2015.11.13"]

1. e4 e5 2. Nf3 Nc6 3. Bb5 Nf6 4. O-O Nxe4 5. Re1 Nd6 6. Nxe5 Be7 7. Bf1 Nf5 8.
Nf3 O-O 9. d4 d5 10. c3 Re8 11. Bd3 Bd6 12. Rxe8+ Qxe8 13. Nbd2 Bd7 14. Nf1 f6
15. Bd2 Qf7 16. Qc2 g6 17. Re1 Kh8 18. Qc1 Re8 19. Rxe8+ Qxe8 20. Bf4 Qe7 21.
Ng3 Bxf4 22. Qxf4 Nd6 23. h4 Nd8 24. Nh2 N8f7 25. Ng4 Bxg4 26. Qxg4 f5 27. Qf3
c6 28. h5 Kg7 29. hxg6 hxg6 30. Nf1 a5 31. Qe3 Qf6 32. Nd2 a4 33. b3 axb3 34.
axb3 Ng5 1/2-1/2

[Event "20th European Teams"]
[Site "Reykjavik ISL"]
[Date "2015.11.13"]
[Round "1.11"]
[Board "2"]
[White "Tari, Aryan"]
[Black "Blagojevic, Dragisa"]
[Result "1/2-1/2"]
[WhiteTitle "IM"]
[BlackTitle "GM"]
[WhiteElo "2532"]
[BlackElo "2481"]
[WhiteTeam "Norway"]
[BlackTeam "Montenegro"]
[WhiteFideId "1510045"]
[BlackFideId "900885"]
[EventDate "2015.11.13"]

1. d4 d5 2. c4 e6 3. Nf3 Nf6 4. Nc3 c6 5. Bg5 Nbd7 6. e3 Qa5 7. cxd5 Nxd5 8. Rc1
h6 9. Bh4 Nxc3 10. bxc3 Ba3 11. Rc2 b6 12. Be2 Ba6 13. O-O Bxe2 14. Qxe2 Qa4 15.
c4 O-O 16. Rd1 Rfe8 17. c5 e5 18. Rc4 Qa6 19. Qc2 b5 20. Rc3 e4 21. Nd2 Bb4 22.
Rb3 Bxd2 23. Rxd2 Rac8 24. f3 Qa5 25. Re2 f5 26. Rb1 Qa3 27. Rb3 Qa5 28. Bg3 Qd8
29. Rb1 Nf6 30. Be5 Nd5 31. Rf1 Qg5 32. Kh1 Nxe3 33. f4 Nxc2 34. fxg5 Nb4 35.
gxh6 g6 36. g4 Rf8 37. gxf5 Rxf5 38. Rg1 Kh7 39. Rxe4 Re8 40. Re3 a5 41. Reg3
Re6 42. a4 Nd5 43. axb5 cxb5 44. Rc1 Ne7 45. Ra3 1/2-1/2

[Event "20th European Teams"]
[Site "Reykjavik ISL"]
[Date "2015.11.13"]
[Round "1.11"]
[Board "3"]
[White "Kosic, Dragan"]
[Black "Urkedal, Frode"]
[Result "1/2-1/2"]
[WhiteTitle "GM"]
[BlackTitle "IM"]
[WhiteElo "2470"]
[BlackElo "2505"]
[WhiteTeam "Montenegro"]
[BlackTeam "Norway"]
[WhiteFideId "900290"]
[BlackFideId "1506102"]
[EventDate "2015.11.13"]

1. d4 Nf6 2. Nf3 e6 3. Bf4 c5 4. e3 d5 5. c3 Nc6 6. Nbd2 Bd6 7. Bg3 O-O 8. Bd3
b6 9. Ne5 Bb7 10. O-O Qc7 11. f4 Ne7 12. Qb1 Ng6 13. Nxg6 hxg6 14. Bh4 Rac8 15.
a3 a5 16. Rf3 cxd4 17. cxd4 Be7 18. Bxf6 Bxf6 19. Rh3 Rfd8 20. Nf3 Rd6 21. Ne5
Bxe5 22. fxe5 Rc6 23. Rf3 Rc1+ 24. Qxc1 Qxc1+ 25. Rxc1 Rxc1+ 26. Rf1 Rxf1+ 27.
Kxf1 Bc6 28. h4 Kf8 29. Kf2 Ke7 30. Kf3 Ba4 31. Kf4 Be8 32. Kg5 Bc6 33. b3 Be8
34. g4 Bc6 35. h5 gxh5 36. gxh5 Be8 37. h6 gxh6+ 38. Kxh6 f5 39. Kg5 b5 40. b4
axb4 41. axb4 Bd7 1/2-1/2

[Event "20th European Teams"]
[Site "Reykjavik ISL"]
[Date "2015.11.13"]
[Round "1.11"]
[Board "4"]
[White "Salomon, Johan"]
[Black "Draskovic, Luka"]
[Result "0-1"]
[WhiteTitle "IM"]
[BlackTitle "IM"]
[WhiteElo "2459"]
[BlackElo "2454"]
[WhiteTeam "Norway"]
[BlackTeam "Montenegro"]
[WhiteFideId "1509500"]
[BlackFideId "944335"]
[EventDate "2015.11.13"]

1. e4 d6 2. d4 Nf6 3. Nc3 e5 4. Nf3 exd4 5. Nxd4 Be7 6. Be2 O-O 7. Bf4 Re8 8.
Qd2 Nc6 9. O-O-O Nxd4 10. Qxd4 Be6 11. Kb1 Nd7 12. Nd5 Bxd5 13. Qxd5 Bf6 14. f3
Bxb2 15. Bc4 Bf6 16. Qxf7+ Kh8 17. Bb3 a5 18. a4 b5 19. axb5 a4 20. Bd5 Re7 21.
Qh5 Rb8 22. c4 Ne5 23. Bxe5 Rxe5 24. Qh3 c6 25. Bxc6 Qa5 26. f4 Rc5 27. e5 Qb4+
28. Ka2 Qxc4+ 29. Ka3 Rxc6 30. Rc1 Qxb5 31. Rb1 Qc5+ 0-1

[Event "20th European Teams"]
[Site "Reykjavik ISL"]
[Date "2015.11.13"]
[Round "1.12"]
[Board "1"]
[White "Navara, David"]
[Black "Hansen, Sune Berg"]
[Result "0-1"]
[WhiteTitle "GM"]
[BlackTitle "GM"]
[WhiteElo "2730"]
[BlackElo "2566"]
[WhiteTeam "Czech Republic"]
[BlackTeam "Denmark"]
[WhiteFideId "309095"]
[BlackFideId "1400266"]
[EventDate "2015.11.13"]

1. d4 Nf6 2. c4 e6 3. Nf3 d5 4. Nc3 Nbd7 5. cxd5 exd5 6. Bg5 Be7 7. e3 c6 8. Qc2
O-O 9. Bd3 Re8 10. O-O Nf8 11. h3 g6 12. Rab1 Ne6 13. Bh4 Ng7 14. b4 a6 15. a4
Bf5 16. b5 axb5 17. axb5 Bxd3 18. Qxd3 Nf5 19. Bxf6 Bxf6 20. Qc2 Nd6 21. Nd2 Nf5
22. bxc6 bxc6 23. Na4 Bxd4 24. exd4 Nxd4 25. Qd1 Qa5 26. Ra1 Qb4 27. Nf3 Nxf3+
28. gxf3 Re5 29. f4 Qxf4 30. Kh1 Qe4+ 31. Kh2 Qf4+ 32. Kh1 d4 33. Rg1 Qxf2 34.
Rf1 Qe3 35. Rf3 Qe4 36. Ra3 Rb8 37. Ra1 c5 38. Kh2 c4 39. Qf1 Qd5 40. Ra2 Rbe8
41. Rf6 d3 42. Nc3 Qd4 43. Rxf7 Qxc3 44. Raa7 Re2+ 45. Kg3 d2+ 46. Qf3 Qxf3+ 47.
Kxf3 R2e7 0-1

[Event "20th European Teams"]
[Site "Reykjavik ISL"]
[Date "2015.11.13"]
[Round "1.12"]
[Board "2"]
[White "Schandorff, Lars"]
[Black "Hracek, Zbynek"]
[Result "1/2-1/2"]
[WhiteTitle "GM"]
[BlackTitle "GM"]
[WhiteElo "2519"]
[BlackElo "2609"]
[WhiteTeam "Denmark"]
[BlackTeam "Czech Republic"]
[WhiteFideId "1400070"]
[BlackFideId "300071"]
[EventDate "2015.11.13"]

1. d4 Nf6 2. c4 e6 3. Nf3 b6 4. g3 Bb7 5. Bg2 Be7 6. O-O O-O 7. Nc3 Ne4 8. Bd2
Bf6 9. Ne5 Nxc3 10. Bxc3 Bxg2 11. Kxg2 c5 12. dxc5 bxc5 13. Qd6 Be7 14. Qd3 a5
15. Rad1 Qc7 16. f4 d6 17. Nf3 Nc6 18. a3 Rad8 19. e4 Qb7 20. Qe2 Rfe8 21. Rd3
Bf8 22. Rfd1 Qa6 23. Re3 a4 24. g4 Na5 25. Nd2 Nc6 26. Nf3 Na5 27. Nd2 Nc6 28.
Nf3 Na5 29. Nd2 Nc6 30. Nf3 1/2-1/2

[Event "20th European Teams"]
[Site "Reykjavik ISL"]
[Date "2015.11.13"]
[Round "1.12"]
[Board "3"]
[White "Babula, Vlastimil"]
[Black "Andersen, Mads"]
[Result "1/2-1/2"]
[WhiteTitle "GM"]
[BlackTitle "IM"]
[WhiteElo "2559"]
[BlackElo "2459"]
[WhiteTeam "Czech Republic"]
[BlackTeam "Denmark"]
[WhiteFideId "301264"]
[BlackFideId "1413864"]
[EventDate "2015.11.13"]

1. d4 Nf6 2. c4 g6 3. Nc3 Bg7 4. e4 d6 5. Nf3 O-O 6. Be2 e5 7. O-O Nc6 8. d5 Ne7
9. b4 a5 10. Ba3 axb4 11. Bxb4 b6 12. a4 Re8 13. Qd2 c5 14. Ba3 Rf8 15. Rfb1 Ne8
16. Bc1 Ra6 17. Rb3 Bd7 18. Rba3 f5 19. Qa2 Nf6 20. Nd2 Bh6 21. exf5 Nxf5 22. a5
Nd4 23. Bd1 bxa5 24. Rxa5 Rxa5 25. Qxa5 Qxa5 26. Rxa5 e4 27. Ra1 e3 28. Nf3
exf2+ 29. Kxf2 Ng4+ 30. Kg1 Bg7 31. Ra7 Bf5 32. Nb5 Nxb5 33. cxb5 Bd3 34. g3
Bxb5 35. Bf4 Re8 36. Bxd6 Ne3 37. Ba4 Bxa4 38. Rxa4 c4 39. Ba3 c3 40. d6 Nf5 41.
d7 Rd8 42. Rc4 Rxd7 43. Rc8+ Kf7 44. Ng5+ Kf6 45. Ne4+ Kf7 46. Ng5+ Kf6 47. Ne4+
Kf7 48. Ng5+ 1/2-1/2

[Event "20th European Teams"]
[Site "Reykjavik ISL"]
[Date "2015.11.13"]
[Round "1.12"]
[Board "4"]
[White "Ochsner, Bjorn Moller"]
[Black "Stocek, Jiri"]
[Result "1/2-1/2"]
[WhiteTitle "FM"]
[BlackTitle "GM"]
[WhiteElo "2405"]
[BlackElo "2557"]
[WhiteTeam "Denmark"]
[BlackTeam "Czech Republic"]
[WhiteFideId "1416928"]
[BlackFideId "304760"]
[EventDate "2015.11.13"]

1. e4 c5 2. Nf3 e6 3. d4 cxd4 4. Nxd4 a6 5. Bd3 Nf6 6. O-O Qc7 7. Qe2 d6 8. c4
g6 9. b3 Bg7 10. Bb2 Nh5 11. Qd2 O-O 12. Be2 Nf6 13. Nc3 Bd7 14. Rad1 Nc6 15.
Nf3 Rfd8 16. Ba3 Ne8 17. Rc1 Qa5 18. Bb2 Ne5 19. Nxe5 Bxe5 20. a3 b5 21. b4 Qb6
22. Nd1 bxc4 23. Ne3 Bxb2 24. Qxb2 a5 25. Nxc4 Qb7 26. bxa5 Qxb2 27. Nxb2 Rxa5
28. Nc4 Ra7 29. Nb6 Rxa3 30. Nxd7 Rxd7 31. Rc8 Re7 32. Bb5 Kf8 33. f3 Rb3 34.
Bc6 f5 35. Rd1 Kf7 36. exf5 gxf5 37. Bxe8+ Rxe8 38. Rxe8 Kxe8 39. Rxd6 Ke7 40.
Rd2 h5 41. Kf2 Kf6 42. Kg3 Rb4 43. Ra2 h4+ 44. Kf2 e5 45. Rc2 h3 46. gxh3 Kg5
47. Kg3 f4+ 48. Kg2 Kf5 49. Re2 Rb8 50. Ra2 Rg8+ 51. Kf2 Rh8 52. Kg2 Rg8+ 53.
Kf2 Rh8 54. Kg2 Rg8+ 55. Kf2 1/2-1/2

[Event "20th European Teams"]
[Site "Reykjavik ISL"]
[Date "2015.11.13"]
[Round "1.13"]
[Board "1"]
[White "Nyback, Tomi"]
[Black "Shirov, Alexei"]
[Result "0-1"]
[WhiteTitle "GM"]
[BlackTitle "GM"]
[WhiteElo "2594"]
[BlackElo "2689"]
[WhiteTeam "Finland"]
[BlackTeam "Latvia"]
[WhiteFideId "503142"]
[BlackFideId "2209390"]
[EventDate "2015.11.13"]

1. d4 d5 2. c4 c6 3. Nf3 Nf6 4. e3 Bg4 5. h3 Bh5 6. Nc3 e6 7. g4 Bg6 8. Ne5 Nbd7
9. Nxg6 hxg6 10. g5 Ng8 11. h4 Ne7 12. Bd2 Nf5 13. Qg4 Be7 14. Rh3 Nb6 15. c5
Nd7 16. b4 b6 17. Ba6 bxc5 18. bxc5 Rb8 19. Na4 f6 20. f4 Kf7 21. Ke2 Rh5 22.
Rg1 Qg8 23. gxf6 gxf6 24. Qxh5 gxh5 25. Rxg8 Rxg8 26. Bb7 Nb8 27. Kd3 e5 28.
fxe5 fxe5 29. dxe5 Ke6 30. Rh1 Nd7 31. Bc3 Nxc5+ 32. Nxc5+ Bxc5 33. Bd2 Kxe5 34.
Bxc6 Rg3 35. Re1 Nxh4 36. Rh1 Bxe3 37. Bxe3 Nf5 38. Rxh5 Rxe3+ 39. Kd2 Rf3 40.
Bd7 Ke4 41. a4 a5 42. Rh8 Nd6 43. Rh4+ Rf4 44. Rh5 Kd4 45. Bc6 Ne4+ 46. Ke1 Nc3
47. Rh3 Kc4 48. Bd7 Re4+ 49. Kd2 Re2+ 50. Kc1 Kb3 51. Bf5 d4 52. Rh1 Rf2 53.
Be6+ Kxa4 54. Rh4 Ne2+ 55. Kd1 Nf4 56. Bd7+ Kb4 57. Rh6 d3 58. Bf5 Kc3 59. Rc6+
Kd4 60. Ra6 Nd5 0-1

[Event "20th European Teams"]
[Site "Reykjavik ISL"]
[Date "2015.11.13"]
[Round "1.13"]
[Board "2"]
[White "Kovalenko, Igor"]
[Black "Agopov, Mikael"]
[Result "0-1"]
[WhiteTitle "GM"]
[BlackTitle "IM"]
[WhiteElo "2694"]
[BlackElo "2452"]
[WhiteTeam "Latvia"]
[BlackTeam "Finland"]
[WhiteFideId "14117908"]
[BlackFideId "501840"]
[EventDate "2015.11.13"]

1. d4 Nf6 2. c4 e6 3. Nf3 b6 4. Nc3 Bb7 5. e3 d5 6. cxd5 exd5 7. Bb5+ c6 8. Bd3
Nbd7 9. O-O Bd6 10. e4 dxe4 11. Nxe4 Nxe4 12. Bxe4 O-O 13. Bg5 Qc7 14. Rc1 h6
15. Bh4 a5 16. a3 Rac8 17. Re1 Rfe8 18. Bf5 Rb8 19. Rc3 Kf8 20. Rce3 Rxe3 21.
fxe3 c5 22. Rf1 Re8 23. Qb3 c4 24. Qa4 Nf6 25. Bxf6 gxf6 26. e4 Bxe4 27. Bxe4
Rxe4 28. Rc1 Re2 29. Qb5 Bxh2+ 30. Kf1 Rxg2 31. Kxg2 Qg3+ 32. Kh1 Qxf3+ 33. Kxh2
Qf4+ 34. Kg2 Qxc1 35. Qxb6 Kg7 36. Kf3 c3 37. bxc3 Qxc3+ 38. Kf4 Qxa3 39. Qc6
Qb2 40. Ke3 Qb3+ 41. Kd2 h5 42. d5 a4 43. d6 Qb2+ 44. Ke3 a3 45. d7 a2 46. Qa4
a1=Q 47. Qxa1 Qxa1 48. d8=Q Qg1+ 49. Ke2 Qg2+ 50. Ke3 h4 51. Kd4 0-1

[Event "20th European Teams"]
[Site "Reykjavik ISL"]
[Date "2015.11.13"]
[Round "1.13"]
[Board "3"]
[White "Sammalvuo, Tapani"]
[Black "Neiksans, Arturs"]
[Result "1/2-1/2"]
[WhiteTitle "IM"]
[BlackTitle "GM"]
[WhiteElo "2422"]
[BlackElo "2602"]
[WhiteTeam "Finland"]
[BlackTeam "Latvia"]
[WhiteFideId "501115"]
[BlackFideId "11601388"]
[EventDate "2015.11.13"]

1. d4 Nf6 2. c4 e6 3. Nf3 b6 4. g3 Ba6 5. b3 b5 6. cxb5 Bxb5 7. Bg2 Bc6 8. O-O
a5 9. Nc3 Bb4 10. Qc2 O-O 11. Bg5 h6 12. Bxf6 Qxf6 13. a3 Bxc3 14. Qxc3 Rc8 15.
Rfc1 Qe7 16. Ne5 Bxg2 17. Kxg2 f6 18. Nd3 Nc6 19. Qc4 Qd6 20. e3 Nd8 21. Nc5
Qc6+ 22. Kg1 Nb7 23. Qd3 Nxc5 24. Rxc5 Qb6 25. Rac1 c6 26. R1c3 Rcb8 27. Qg6 Qd8
28. h4 Qe8 29. Qd3 f5 30. e4 fxe4 31. Qxe4 Ra7 32. Qd3 Qd8 33. f4 Rab7 34. Kg2
Rb5 35. Rxb5 Rxb5 36. Rc5 Rb7 37. f5 exf5 38. Rxf5 d5 39. Qe3 Re7 40. Re5 Rxe5
41. Qxe5 Kh8 42. Qe6 Qb6 43. h5 Qxd4 44. Qe8+ 1/2-1/2

[Event "20th European Teams"]
[Site "Reykjavik ISL"]
[Date "2015.11.13"]
[Round "1.13"]
[Board "4"]
[White "Kantans, Toms"]
[Black "Nyysti, Sampsa"]
[Result "0-1"]
[WhiteTitle "IM"]
[BlackTitle "IM"]
[WhiteElo "2514"]
[BlackElo "2353"]
[WhiteTeam "Latvia"]
[BlackTeam "Finland"]
[WhiteFideId "11602945"]
[BlackFideId "502138"]
[EventDate "2015.11.13"]

1. e4 e5 2. Nf3 Nc6 3. Bb5 a6 4. Ba4 d6 5. Bxc6+ bxc6 6. d4 f6 7. O-O Ne7 8. Re1
Ng6 9. Qd3 Be6 10. Nbd2 Be7 11. Qc3 Qd7 12. b4 O-O 13. Nb3 f5 14. exf5 Rxf5 15.
dxe5 dxe5 16. Nfd2 Raf8 17. Ne4 Bd5 18. Bd2 Bh4 19. Nbc5 Bxf2+ 0-1

[Event "20th European Teams"]
[Site "Reykjavik ISL"]
[Date "2015.11.13"]
[Round "1.14"]
[Board "1"]
[White "Vallejo Pons, Francisco"]
[Black "Hovhannisyan, Mher"]
[Result "1-0"]
[WhiteTitle "GM"]
[BlackTitle "IM"]
[WhiteElo "2684"]
[BlackElo "2495"]
[WhiteTeam "Spain"]
[BlackTeam "Belgium"]
[WhiteFideId "2205530"]
[BlackFideId "13300865"]
[EventDate "2015.11.13"]

1. Nf3 d5 2. g3 Nf6 3. Bg2 g6 4. c4 c6 5. b3 Bg7 6. Bb2 O-O 7. O-O a5 8. a3 b5
9. d3 bxc4 10. bxc4 a4 11. Nbd2 Qa5 12. Rb1 Nbd7 13. Qc2 Re8 14. Ne5 Nxe5 15.
Bxe5 Bg4 16. h3 Be6 17. Rb4 Nd7 18. Bxg7 Kxg7 19. Nf3 f6 20. Nd4 Bf7 21. cxd5
cxd5 22. Qc6 Nf8 23. Rc1 Ra6 24. Qc2 e5 25. Rb7 exd4 26. Qc7 Qxc7 27. Rcxc7 Rd6
28. Rxf7+ Kh6 29. Rb4 Ne6 30. Rbb7 Ng5 31. Rfc7 Rh8 32. Rb4 Ne6 33. Rf7 Rc8 34.
h4 Nd8 35. Ra7 Rc1+ 36. Kh2 Re6 37. Rb2 Re1 38. Bxd5 Re5 39. Bg8 g5 40. Rxh7+
Kg6 41. h5+ Kf5 42. Rd7 Ne6 43. Bxe6+ Rxe6 44. Rxd4 R1xe2 1-0

[Event "20th European Teams"]
[Site "Reykjavik ISL"]
[Date "2015.11.13"]
[Round "1.14"]
[Board "2"]
[White "Geirnaert, Steven"]
[Black "Anton Guijarro, David"]
[Result "1/2-1/2"]
[WhiteTitle "IM"]
[BlackTitle "GM"]
[WhiteElo "2449"]
[BlackElo "2630"]
[WhiteTeam "Belgium"]
[BlackTeam "Spain"]
[WhiteFideId "203866"]
[BlackFideId "2285525"]
[EventDate "2015.11.13"]

1. d4 Nf6 2. c4 e6 3. Nc3 Bb4 4. e3 b6 5. Ne2 Bb7 6. a3 Bd6 7. d5 O-O 8. g3 a5
9. Bg2 Na6 10. b3 exd5 11. cxd5 Nc5 12. O-O Ba6 13. Ra2 Re8 14. b4 Nce4 15. b5
Bb7 16. Rc2 Qe7 17. a4 Qe5 18. Bb2 Qg5 19. Nf4 Nc5 20. Nd3 Qf5 21. Nxc5 Bxc5 22.
e4 Qg6 23. Re2 d6 24. Qd3 Bc8 25. Nb1 Bg4 26. Ree1 Qh5 27. Nd2 Nd7 28. Nc4 f6
29. Kh1 Bh3 30. f4 Bxg2+ 31. Kxg2 Bb4 32. Bd4 Bxe1 33. Rxe1 Qg6 34. Re3 Re7 35.
h3 Rae8 36. Kf3 Qf7 37. g4 g5 38. f5 h5 39. Kg2 Qh7 40. Nd2 Kf7 41. Qc3 Ne5 42.
Bxe5 dxe5 43. d6 cxd6 44. Nc4 Rh8 45. Nxd6+ Kg7 46. Nc8 Rf7 47. gxh5 Qxh5 48.
Nxb6 Qd1 49. Re1 Qd8 50. Nd5 Rh4 51. Re3 Rd7 52. Qc6 Rxe4 53. Rxe4 Rxd5 54. Re2
Rd1 55. Qb7+ Kf8 56. Rc2 Rd2+ 57. Rxd2 Qxd2+ 58. Kg1 Qe3+ 59. Kg2 Qd2+ 60. Kg1
Qe3+ 1/2-1/2

[Event "20th European Teams"]
[Site "Reykjavik ISL"]
[Date "2015.11.13"]
[Round "1.14"]
[Board "3"]
[White "Salgado Lopez, Ivan"]
[Black "Vandenbussche, Thibaut"]
[Result "1-0"]
[WhiteTitle "GM"]
[BlackTitle "IM"]
[WhiteElo "2615"]
[BlackElo "2421"]
[WhiteTeam "Spain"]
[BlackTeam "Belgium"]
[WhiteFideId "2257327"]
[BlackFideId "204412"]
[EventDate "2015.11.13"]

1. e4 d6 2. d4 Nf6 3. Nc3 e5 4. Nf3 Nbd7 5. Bc4 Be7 6. a4 O-O 7. O-O c6 8. Re1
exd4 9. Qxd4 Ne5 10. Be2 Nfg4 11. a5 Bf6 12. Qd1 b5 13. axb6 Qxb6 14. Rf1 Rd8
15. Nd4 Ng6 16. Nf5 N4e5 17. Ng3 d5 18. exd5 cxd5 19. Nxd5 Qc6 20. c4 Nxc4 21.
Bxc4 Be6 22. Nxf6+ gxf6 23. Bd3 Bc4 24. Be4 Rxd1 25. Rxd1 Qc8 26. Bxa8 Qxa8 27.
Bh6 Bd5 28. Rd4 Ne7 29. Re1 Be6 30. Red1 Nc6 31. Rd6 Bb3 32. R1d2 Ba4 33. Ne4 1-0

[Event "20th European Teams"]
[Site "Reykjavik ISL"]
[Date "2015.11.13"]
[Round "1.14"]
[Board "4"]
[White "Soors, Stef"]
[Black "Ibarra Jerez, Jose Carlos"]
[Result "0-1"]
[WhiteTitle "IM"]
[BlackTitle "GM"]
[WhiteElo "2394"]
[BlackElo "2545"]
[WhiteTeam "Belgium"]
[BlackTeam "Spain"]
[WhiteFideId "209511"]
[BlackFideId "2226332"]
[EventDate "2015.11.13"]

1. e4 c5 2. c3 Nf6 3. e5 Nd5 4. Nf3 e6 5. Bc4 b6 6. O-O Bb7 7. d4 cxd4 8. Nxd4
Ne7 9. Re1 Nbc6 10. Nd2 Ng6 11. N2f3 Nxd4 12. cxd4 Bb4 13. Re3 Rc8 14. Bb3 Nf4
15. a3 Be7 16. Rc3 Nd5 17. Rxc8 Qxc8 18. Bg5 Qd8 19. Bxe7 Qxe7 20. Nd2 O-O 21.
Ne4 Nf4 22. Qf3 Qh4 23. Re1 Bc6 24. Bc2 Nd5 25. Qg3 Qe7 26. Bb3 f5 27. exf6 Nxf6
28. Nxf6+ Qxf6 29. Rd1 Qf5 30. h3 Rf6 31. Qe3 h6 32. Kh2 Qxf2 33. Qxf2 Rxf2 34.
d5 Bb7 35. h4 e5 36. Rc1 Rxb2 37. Rc7 Rxb3 38. Rxb7 Rxa3 39. Rxd7 Kf8 40. h5 e4
41. g3 Ra2+ 42. Kh3 e3 43. d6 e2 44. Re7 Rd2 45. Kg4 Rxd6 46. Rxe2 b5 0-1